| 000 | 00351nam a2200145Ia 4500 | ||
|---|---|---|---|
| 008 | 230917s9999||||xx |||||||||||||| ||und|| | ||
| 040 |
_e157392 _aMAIN |
||
| 041 | _aEnglish | ||
| 082 | _a709.54 M261B | ||
| 100 | _aMadan Gopal | ||
| 245 | 0 | _aBharat ki paanch kalayen | |
| 260 |
_aBaroda _bShiva Pustakalaya _c[n.d.] |
||
| 300 | _a143 p. | ||
| 942 | _cBK | ||
| 999 |
_c41105 _d41105 |
||